00409nam a2200157Ia 4500003000400000005001700004008004100021020001500062040000900077082001900086100002300105245005000128260003200178300000900210650003200219OSt20201110113248.0190216s9999||||xx |||||||||||||| ||und|| a5050028035 coclc a891.733bDOS/K aDostoyevsky, Fydor 0aThe kazamazou Brothers /cFyodor Dostoyevsky  bRaduga Pub,c1990.aMoscow: a575p aEnglish Novel-English Novel